书目信息 |
| 题名: |
建设项目经济评价方法与参数实用手册
|
|
| 作者: | ;国家计委投资司 , 建设部标准定额研究所 编 | |
| 分册: | ||
| 出版信息: | 北京 新华出版社 1990.6 |
|
| 页数: | 448页 | |
| 开本: | 26cm | |
| 丛书名: | ||
| 单 册: | ||
| 中图分类: | F282 | |
| 科图分类: | ||
| 主题词: | 经济评价-基本建设项目--手册 , 基本建设项目-经济评价--手册 | |
| 电子资源: | ||
| ISBN: | 7-5011-0729-7 | |
| 000 | 00940nam0 2200241 45 | |
| 001 | 0192004344 | |
| 005 | 20070721151314.34 | |
| 010 | @a7-5011-0729-7@dCNY13.00 | |
| 100 | @a19920225d1990 em y0chiy0121 ea | |
| 101 | 0 | @achi |
| 102 | @aCN@b110000 | |
| 105 | @ay z 000yy | |
| 200 | 10 | @a建设项目经济评价方法与参数实用手册@AJIAN SHE XIANG MU JING JI PING JIA FANG FA YU CAN SHU SHI YONG SHOU CE@f国家计委投资司,建设部标准定额研究所编@FGUO JIA JI WEI TOU ZI SI , JIAN SHE BU BIAO ZHUN DING E YAN JIU SUO BIAN |
| 210 | @a北京@c新华出版社@d1990.6 | |
| 215 | @a448页@d26cm | |
| 540 | 1 | @a建设 项目 经济@AJIAN SHE XIANG MU JING JI |
| 606 | @a经济评价-基本建设项目@x手册 | |
| 606 | @a基本建设项目-经济评价@x手册 | |
| 690 | @aF282@v4 | |
| 711 | 02 | @a国家计委投资司@AGUO JIA JI WEI TOU ZI SI@4编 |
| 711 | 02 | @a建设部标准定额研究所@AJIAN SHE BU BIAO ZHUN DING E YAN JIU SUO@4编 |
| 801 | 0 | @aCN@bTSSF@c20070721 |
| 905 | @a10447@dF282@e664 | |
| 建设项目经济评价方法与参数实用手册/国家计委投资司,建设部标准定额研究所编.-北京:新华出版社,1990.6 |
| 448页;26cm |
| ISBN 7-5011-0729-7:CNY13.00 |
| ● |
| 相关链接 |
|
|
|
|
正题名:建设项目经济评价方法与参数实用手册
索取号:F282/664
 
预约/预借
| 序号 | 登录号 | 条形码 | 馆藏地/架位号 | 状态 | 备注 |
| 1 | 0768556 | 207685566 | 第一样本阅览室/ [索取号:F282/664] | 在馆 |